|
|
|
|
| LEADER |
01280nam a22003257a 4500 |
| 001 |
39288 |
| 003 |
BD-DhAAL |
| 008 |
220816t1985 enka b 001 0 eng d |
| 999 |
|
|
|c 44854
|d 44854
|
| 020 |
|
|
|a 0333397843
|
| 020 |
|
|
|a 9780333397848
|
| 040 |
|
|
|a BD-DhAAL
|c BD-DhAAL
|
| 082 |
0 |
0 |
|a 333.770941
|
| 100 |
1 |
|
|a Balchin, Paul N.
|9 50871
|
| 245 |
1 |
0 |
|a Urban land economics /
|c Paul N. Balchin and Jeffrey L. Kieve.
|
| 250 |
|
|
|a Third edition.
|
| 260 |
|
|
|a London :
|b Macmillan,
|c c1985.
|
| 300 |
|
|
|a xvi, 302 pages :
|b illustrations ;
|c 23 cm.
|
| 490 |
0 |
|
|a Macmillan building and surveying series
|
| 504 |
|
|
|a Includes bibliographical references (pages [275]-283) and index.
|
| 541 |
|
|
|a Donated By Akbar Ali Khan
|e 39288
|
| 650 |
|
0 |
|a Land use, Urban
|z Great Britain.
|9 50872
|
| 650 |
|
0 |
|a Urban economics.
|9 50873
|
| 650 |
|
0 |
|a City planning
|z Great Britain.
|9 50874
|
| 650 |
|
0 |
|a Economics.
|9 50875
|
| 700 |
1 |
|
|a Kieve, Jeffrey L.,
|e joint author.
|9 50876
|
| 830 |
|
|
|a Macmillan building and surveying series
|9 50877
|
| 852 |
|
|
|a Ayesha Abed Library
|c Akbar Ali Khan Collection
|
| 942 |
|
|
|2 ddc
|c BK
|
| 952 |
|
|
|0 0
|1 0
|2 ddc
|4 0
|6 333_770941000000000_BAL
|7 1
|9 71697
|a BRACUL
|b BRACUL
|c AAKC
|d 2022-08-16
|e Donated by Akbar Ali Khan
|l 0
|o 333.770941 BAL
|p 3010039288
|r 2022-08-16
|t 1
|w 2022-08-16
|y BK
|